000 00431nam a2200157 a 4500
001 000043417
005 20201002040908.0
008 140314s1987 mx a 000 0 spa d
020 _a9681317866
040 _aDO-SdBNP
_bspa
_cBNPHU
082 _axxxxxxxx
_bxxxxxxxx
100 1 _aBonilla León, Oscar
_971080
245 1 0 _aCamargo /
_cOscar Bonilla León.
260 _aMéxico :
_bDiana,
_c1987.
300 _a250 p. :
_bil. ;
_c21 cm.
999 _c42906
_d42906